Giúp ôn tập tốt môn toán cao cấp
محفوظ في:
| التنسيق: | كتاب |
|---|---|
| الوسوم: |
إضافة وسم
لا توجد وسوم, كن أول من يضع وسما على هذه التسجيلة!
|
| Thư viện lưu trữ: | Mạng thư viện Đại học Đà Nẵng |
|---|
| LEADER | 00660nam a2200193 4500 | ||
|---|---|---|---|
| 001 | 000007844 | ||
| 003 | 4014 | ||
| 005 | 20150812140837.0 | ||
| 008 | 111012s sd | ||
| 245 | 0 | 0 | |a Giúp ôn tập tốt môn toán cao cấp |
| 774 | |b In lần thứ 4 |d H. |d Đại học Quốc gia Hà Nội |d 2004 |g T.1 |h 222 tr. |n Dành cho sinh viên các trường Đại học Kỹ thuật |t Giới hạn; Vi tích phân hàm một biến |w 4015 | ||
| OWN | |a LSP | ||
| 999 | |a From the UDN01 | ||
| TYP | |a Monograph | ||
| TYP | |a Printed language | ||
| 980 | |a Mạng thư viện Đại học Đà Nẵng | ||